00405nam a22001337a 4500003000700000005001700007008004100024082002900065100002600094245008300120260003400203300000800237650002600245MPLRDC20220104144006.0210129b ||||| |||| 00| 0 eng d a051.4 K1XR v.18 1981 c.2 a特刊编辑委员会 a吉隆坡循人中学高中第十八届, 初中第廿五届毕业特刊 1981c ab吉隆坡循人中学c1981 b精 a学术纪要、学刊